| 000 | 01024nam a22002295i 4500 | ||
|---|---|---|---|
| 001 | 166786 | ||
| 003 | ES-MaACL | ||
| 005 | 20240203062552.0 | ||
| 008 | 981002s1878 sp |||| | spa d | ||
| 040 |
_aCLM _bspa _cCCPB | 3D |
||
| 110 | 2 |
_aUniversidad Central (Madrid) _97084 |
|
| 245 | 1 | 0 | _aOración inaugural pronunciada en la solemne apertura del curso de 1877 a 1878 y Memoria-Anuario que se publican con arreglo a la instrucción 47 de las aprobadas por Real Orden de 15 de Agosto de 1877. |
| 260 |
_aMadrid : _b[s.n.], _c1878 ( _fImprenta de José M. Ducazcal) |
||
| 300 |
_a193 p. ; _c31 cm. |
||
| 500 | _aLa oración inaugural es de Rafael Saez Palacios. | ||
| 594 | _aPrecede al tít.: Universidad Central. | ||
| 610 | 2 | 4 |
_aUniversidad Central (Madrid)- _vMemorias. _9141782 |
| 700 | 1 |
_aSáez y Palacios, Rafael. _9132998 |
|
| 710 | 2 |
_aUniversidad Central (Madrid) _97084 |
|
| 852 |
_aES-MaACL _jT-298-F-2 _z-- Enc. hol., falto de la cub. original _z-- Enc. en un vol. facticio |
||
| 999 |
_c166786 _d166786 |
||